Mappa delle capitali del Sudamerica - Statistics

Statistiche generali
  • Questo quiz è stato fatto 144 volte
  • Il punteggio medio è 9 su 13
Risposte nella Mappa
Le risposte nella mappa del quiz sottostante sono codificate secondo una scala di colori dal rosso al verde in base alla % di persone che hanno risposto correttamente.
 
Statistiche sulle risposte
Risposta % Corretto
Brasília
90%
Lima
87%
Bogotà
83%
Buenos Aires
82%
Santiago
82%
Caracas
79%
Montevideo
75%
Quito
68%
Georgetown
61%
Asunción
56%
La Paz
55%
Paramaribo
48%
Sucre
48%
Nessun quiz corrispondente trovato
Distribuzione punteggi
Percentuale di utenti per punteggio
Percentile per numero di risposta
I tuoi punteggi nel tempo
Non hai fatto questo quiz